000 00377nam a2200145Ia 4500
008 191206s9999 xx 000 0 und d
020 _a071312413X
245 0 _abiologist's physical chemistry
250 _a2nd ed.
260 _aEdward Arnold
260 _bContemporary biology
260 _cc1974
300 _a"xv, 390 p. illus. 23 cm."
999 _c15553
_d15553